[Event "Balears-ch U16"]
[Site "Mallorca"]
[Date "2016.05.21"]
[Round "3.3"]
[White "Fernandez Mateos, David"]
[Black "Pons Vinent, Angel"]
[Result "0-1"]
[WhiteElo "1424"]
[BlackElo "1511"]
[PlyCount "56"]
[EventDate "2016.05.20"]
[EventType "swiss"]
[EventRounds "5"]
[EventCountry "ESP"]
[SourceTitle "EXT 2024"]
[Source "ChessBase"]
[SourceDate "2023.10.10"]
[SourceVersion "1"]
[SourceVersionDate "2023.10.10"]
[SourceQuality "1"]

1. e4 e5 2. d4 exd4 3. c3 Nf6 4. e5 Qe7 5. Nf3 dxc3 6. Nxc3 d6 7. Bc4 dxe5 8. 0-0 Bg4 9. h3 Bxf3 10. Qxf3 c6 11. Bg5 h6 12. Bh4 g5 13. Bg3 Nbd7 14. Rfe1 Bg7 15. Rab1 0-0-0 16. b4 Rhe8 17. b5 c5 18. b6 Nxb6 19. Rxe5 Qf8 20. Nb5 Rd7 21. Nd6+ Rxd6 22. Rxe8+ Nxe8 23. Qf5+ Rd7 24. Rd1 Bd4 25. Bb5 Qe7 26. Bxd7+ Qxd7 27. Qc2 Nc7 28. Qh7 Bxf2+ 0-1

[Event "Balears-ch U16"]
[Site "Mallorca"]
[Date "2016.05.21"]
[Round "2.4"]
[White "Lopez Lopez, Xisco"]
[Black "Fernandez Mateos, David"]
[Result "1/2-1/2"]
[WhiteElo "1475"]
[BlackElo "1424"]
[PlyCount "70"]
[EventDate "2016.05.20"]
[EventType "swiss"]
[EventRounds "5"]
[EventCountry "ESP"]
[SourceTitle "EXT 2024"]
[Source "ChessBase"]
[SourceDate "2023.10.10"]
[SourceVersion "1"]
[SourceVersionDate "2023.10.10"]
[SourceQuality "1"]

1. d4 c5 2. d5 e5 3. c4 d6 4. Nc3 f5 5. e4 Nf6 6. Bd3 f4 7. Nf3 h6 8. h3 g5 9. Nh2 Rg8 10. Be2 Qc7 11. Ng4 Nbd7 12. Qa4 Kd8 13. Qd1 Nxg4 14. hxg4 Nf6 15. f3 Rh8 16. a3 h5 17. Bd2 b6 18. Rb1 Qg7 19. gxh5 Rxh5 20. Rxh5 Nxh5 21. Kf2 Ng3 22. b4 Qh6 23. Qg1 Qh4 24. Ke1 Nxe4+ 25. Kd1 Nf2+ 26. Kc1 Bf5 27. Ra1 Nd3+ 28. Bxd3 Bxd3 29. Be1 Qh7 30. Qf2 Bxc4 31. bxc5 bxc5 32. Rb1 Kc8 33. Qb2 Ba6 34. Kd2 Qh1 35. Kd1 Be7 1/2-1/2